William Shakespeare /

Bibliographic Details
Main Author: Zbierski, Henryk
Format: Book
Language:Polish
Published: Warszawa : Wiedza Powszechna, 1988.
Edition:wyd.1.
Subjects:

MARC

Tag First Indicator Second Indicator Subfields
LEADER 00000cam a2200000Ma 4500
001 in00000986621
005 20150927153730.0
008 890302s1988 pl ach 00010 pol d
020 |a 832140524X 
035 |a (OCoLC)21758432 
035 |9 AEY0334AM 
040 |a CUY  |c CUY  |d UtOrBLW 
049 |a TXAM 
090 |a PR2979.P58  |b Z35 1988 
100 1 |a Zbierski, Henryk. 
245 1 0 |a William Shakespeare /  |c Henryk Zbierski. 
250 |a wyd.1. 
264 1 |a Warszawa :  |b Wiedza Powszechna,  |c 1988. 
300 |a 606 pages :  |b illustrations, facsimiles, portrait ;  |c 21 cm. 
336 |a text  |b txt  |2 rdacontent 
337 |a unmediated  |b n  |2 rdamedia 
338 |a volume  |b nc  |2 rdacarrier 
504 |a Bibliography: pages 594-[602]. 
600 1 0 |a Shakespeare, William,  |d 1564-1616  |x Criticism and interpretation. 
999 |a MARS 
999 f f |s d78d2fc0-eeb5-3909-add2-d5e301c7b3bf  |i 24d3852a-5797-350d-84cf-18fbd4693d8f  |t 0 
952 f f |p ric  |a Texas A&M University  |b Rellis Campus  |c Joint Library Facility  |d Remote Storage  |t 0  |e PR2979.P58 Z35 1988  |h Library of Congress classification  |i unmediated -- volume  |m A14817058956 
998 f f |a PR2979.P58 Z35 1988  |t 0  |l Remote Storage